| 000 | 00384nam a2200169Ia 4500 | ||
|---|---|---|---|
| 003 | OSt | ||
| 005 | 20240727121845.0 | ||
| 008 | 170619s9999 xx 000 0 und d | ||
| 020 | _a978-9350593363 | ||
| 040 | _cIIMT ENGINEERING COLLEGE | ||
| 100 | _aSharma- J.K | ||
| 245 | 0 | _aOperations Researsh | |
| 260 | _bmacmillan | ||
| 260 | _c2010 | ||
| 546 | _aENGLISH | ||
| 942 |
_2ddc _c02 |
||
| 999 |
_c22687 _d22687 |
||